00342 2200145 4500001002100000005001500021035002000036245004800056100002900104300000800133260002100141082000800162084001400170990001200184INLIS00000000000223120250527015908 a0010-05250005231 aAyat-Ayat Cinta /cHabiburrahman El Shirazy0 aHabiburrahman El Shirazy a304 bRepublika,c2007 a813 a813 HAB a a0712555